Management and organisational behaviour / (Record no. 78173)

MARC details
000 -LEADER
fixed length control field 00650nam a22001937a 4500
005 - DATE AND TIME OF LATEST TRANSACTION
control field 20130916104017.0
010 ## - LCCN (DPL NO)
LC control number ENG-108225
020 ## - INTERNATIONAL STANDARD BOOK NUMBER
International Standard Book Number 9788628041904
Terms of availability 154.00
035 ## - SYSTEM CONTROL NUMBER
System control number EN-91758
037 ## - SOURCE OF ACQUISITION
Source of stock number/acquisition DBAD/PUB
082 ## - DEWEY DECIMAL CLASSIFICATION NUMBER
Classification number 658
100 ## - MAIN ENTRY--PERSONAL NAME
Personal name Naidu, S. Damodara
245 10 - TITLE STATEMENT
Title Management and organisational behaviour /
Statement of responsibility, etc by S. Damodara Naidu [and[ B. Sudhir
260 ## - PUBLICATION, DISTRIBUTION, ETC. (IMPRINT)
Place of publication, distribution, etc Hyderabad
Name of publisher, distributor, etc Studentshelpline Publishing House
Date of publication, distribution, etc 2010
270 ## - ADDRESS
Address 7-1-276/A/106,Ist Floor, Sai Shayam Sadan,Lingaiah Nagar, S.R. Nagar
City Hyderabad
Postal code 500038
300 ## - PHYSICAL DESCRIPTION
Extent various pagings
Dimensions 22cm(pbk)
700 ## - ADDED ENTRY--PERSONAL NAME
Personal name Sudhir, B.
942 ## - ADDED ENTRY ELEMENTS (KOHA)
Source of classification or shelving scheme Dewey Decimal Classification
Item type English Books
Call number suffix NAI
Classification part 658
Holdings
Withdrawn status Lost status Not for loan Collection code Home library Current library Date acquired Source of acquisition Cost, normal purchase price Full call number Barcode Copy number Cost, replacement price Koha item type
    Not For Loan Non-fiction D.B.Act.Division D.B.Act.Division 29/07/2013 DBAD/PUB 154.00 658 NAI EN-91758 1 154.00 English Books

© Delhi Public Library
Hit Counter
free hit counter